000 00572nam a2200193 a 4500
005 20140310183306.0
008 050906s19uu xx 00 eng d
020 _a9780130987877
050 _aG 154
_b.St784 2003
100 _aStarr, Nona
245 _aViewpoint :
_ban introduction to travel, tourism, and hospitality /
_cNona Starr.
250 _a4th
260 _aNew Jersey :
_bPearson Education,
_c2003.
300 _a414 p. :
_bill. col. ;
_c28 cm.
521 _aTOU
650 _aTravel agents
_xVocational guidance.
942 _cBK
_2lcc
_kFOR
999 _c21089
_d21089